000 00566nam a2200193Ia 4500
008 191130s1993##################000#0#eng##
020 _a9780385468442
040 _aACL
_cACL
082 _a190 COP.2
100 _aCopleston, Frederick Charles
245 _aA history of philosophy
_cby Frederick Copleston
260 _aNew York
_bImage Books
_c1993
300 _a9 v. ; 22 cm
500 _aIncludes bibliographical references and index
650 _aPhilosophy - History
990 _ac004caa5ac10000c0605897b83b1f287
991 _a63962
999 _c241765
_d241765